000
00191 a2200097 4500
001
1728
100
_a
Rotroff,
245
_a
Work Measurement
260
_a
_b
Reinhold
_c
090
_c
1265
_d
1265
942
_a
NUST-CAE
_c
M
_c
2947
999
_c
236801
_d
236801